| 000 | 00576nam a22002057a 4500 | ||
|---|---|---|---|
| 003 | OSt | ||
| 005 | 20240227112349.0 | ||
| 008 | 190516t xxu||||| |||| 00| 0 eng d | ||
| 020 | _a9780714833415 | ||
| 040 | _c0 | ||
| 082 |
_a759.2 _bROG 1996 |
||
| 100 | 1 |
_aRodgers, David. _9121429 |
|
| 245 | 1 | 0 |
_aRodgers, David/ _cDavid Rodgers |
| 260 |
_aNew York: _bPhaidon; _c1996. |
||
| 300 |
_a126p.: _bill; _c30cm. |
||
| 650 |
_aPre-Raphaelites _9121430 |
||
| 650 |
_aArt, British _9121431 |
||
| 942 |
_2ddc _cBK _aSADA _k759.2 ROG 1996 |
||
| 999 |
_c608317 _d608317 |
||